इंद्रधनू (Record no. 191112)

MARC details
000 -LEADER
fixed length control field 00369nam a2200145Ia 4500
008 - FIXED-LENGTH DATA ELEMENTS--GENERAL INFORMATION
fixed length control field 090124s9999 xx 000 0 und d
082 ## - DEWEY DECIMAL CLASSIFICATION NUMBER
Item number 301537
245 ## - TITLE STATEMENT
Title इंद्रधनू
250 ## - EDITION STATEMENT
Edition statement 1
260 ## - PUBLICATION, DISTRIBUTION, ETC. (IMPRINT)
Name of publisher, distributor, etc नरवणे सुधा
Date of publication, distribution, etc 1985
300 ## - PHYSICAL DESCRIPTION
Extent 162
630 ## - SUBJECT ADDED ENTRY--UNIFORM TITLE
Uniform title इंद्रधनू
730 ## - ADDED ENTRY--UNIFORM TITLE
Uniform title इंद्रधनू
942 ## - ADDED ENTRY ELEMENTS (KOHA)
Koha item type Book
Holdings
Withdrawn status Lost status Damaged status Not for loan Home library Current library Date acquired Cost, normal purchase price Total Checkouts Full call number Barcode Date last seen Cost, replacement price Price effective from Koha item type
        Marathi Granth Sangrahalaya,Thane Marathi Granth Sangrahalaya,Thane   35.00   301537 THNMGS-301537 01/24/2009 35.00 01/24/2009 Book